000 01412nam a2200337Ia 4500
001 ebr10380823
003 CaPaEBR
006 m u
007 cr cn|||||||||
008 061003s2006 dcu sb i000 0 eng d
040 _aCaPaEBR
_cCaPaEBR
035 _a(OCoLC)694141104
050 1 4 _aHG3891
_b.K47 2006eb
100 1 _aKester, Anne Y.
245 1 0 _aIMF data standards initiatives
_h[electronic resource] :
_ba consultative approach to enhancing global data transparency /
_cAnne Y. Kester.
260 _a[Washington, D.C.] :
_bInternational Monetary Fund, Statistics Dept.,
_c2006.
300 _a16 p.
490 1 _aIMF working paper ;
_vWP/06/102
500 _a"April 2006."
504 _aIncludes bibliographical references.
533 _aElectronic reproduction.
_bPalo Alto, Calif. :
_cebrary,
_d2011.
_nAvailable via World Wide Web.
_nAccess may be limited to ebrary affiliated libraries.
610 2 0 _aInternational Monetary Fund.
650 0 _aDisclosure of information.
650 0 _aFinance
_vStatistics
_xStandards.
650 0 _aEconomic indicators
_xStandards.
655 7 _aElectronic books.
_2local
710 2 _aInternational Monetary Fund.
_bStatistics Dept.
710 2 _aebrary, Inc.
830 0 _aIMF working paper ;
_vWP/06/102.
856 4 0 _uhttp://site.ebrary.com/lib/rucke/Doc?id=10380823
_zAn electronic book accessible through the World Wide Web; click to view
999 _c102818
_d102818